| 000 | 00595cam a2200205 4500500 | ||
|---|---|---|---|
| 005 | 20260405003640.0 | ||
| 041 | _afre | ||
| 042 | _adc | ||
| 100 | 1 | 0 |
_aEnjalbert, Cédric _eauthor |
| 245 | 0 | 0 | _a“Monet-Mitchell”. L’empire des sens |
| 260 | _c2023. | ||
| 500 | _a8 | ||
| 690 | _aHume | ||
| 690 | _aMonet | ||
| 690 | _aPeinture | ||
| 690 | _aSensation | ||
| 690 | _aYves Michaud | ||
| 786 | 0 | _nPhilosophie magazine | 166 | 1 | 2023-02-01 | p. 73-74 | 1951-1787 | |
| 856 | 4 | 1 | _uhttps://shs.cairn.info/magazine-philosophie-magazine-2023-1-page-73?lang=fr&redirect-ssocas=7080 |
| 999 |
_c2069602 _d2069602 |
||